Il futuro della religione: solidarietà, carità, ironia
Salvato in:
| Autori principali: | , |
|---|---|
| Natura: | Libro |
| Lingua: | italiano |
| Pubblicazione: |
Milán
Garzanti Libri
2005
|
| Edizione: | 1a. ed |
| Soggetti: | |
| Tags: |
Aggiungi Tag
Nessun Tag, puoi essere il primo ad aggiungerne!!
|
MARC
| LEADER | 00000cam a2200000 a 4500 | ||
|---|---|---|---|
| 001 | UCF2867 | ||
| 003 | CL-VaPUC | ||
| 008 | 120910e20050100IT |||||||||||||||||ita|d | ||
| 020 | |a 8811600405 | ||
| 082 | 0 | 4 | |a 230.01 |b ROR |2 21 |
| 100 | 0 | |a Rorty, Richard |e author |9 455762 | |
| 700 | 0 | |a Vattimo, Gianni |e author |9 564701 | |
| 245 | 1 | 3 | |a Il futuro della religione: solidarietà, carità, ironia |
| 250 | |a 1a. ed | ||
| 300 | |a 93 p | ||
| 942 | |c BK | ||
| 945 | |d 20120910 00:00:00 |a dcastane | ||
| 260 | |a Milán |b Garzanti Libri |c 2005 | ||
| 650 | 0 | |a Filosofía de la religión |9 256017 | |
| 650 | 0 | |a Filosofía contemporánea |9 265372 | |
| 650 | 0 | |a Violencia social |9 399777 | |
| 650 | 7 | |a FILOSOFIA POLITICA |2 CL-VaPUC |9 564702 | |
| 583 | |a last modification |c 20120910 11:39:00 |k Rodrigo Vera | ||
| 999 | |c 349405 |d 349403 | ||
| 952 | |0 0 |1 0 |4 0 |6 230_010000000000000_ROR_2005 |7 0 |8 A |9 452016 |a BIBEDU |b BIBEDU |d 2019-11-22 |i 4902394 |o 230.01 ROR 2005 |p 4902394 |r 2019-11-22 |w 2019-11-22 |y BK |k FIL | ||